000 01114nam a2200313 i 4500
001 bg
003 BPK
005 20191206110903.0
008 050202s2004 pl f f |000 0 pol
015 _aPB 6484/2005
020 _a8373352473
040 _cBPK
041 0 _apol
080 _a621.317
080 _a53.08
080 _a(075.8)
100 1 _aZakrzewski, Jan
_c(nauki techniczne).
_eAutor
245 1 0 _aPodstawy miernictwa dla kierunku mechanicznego /
_cJan Zakrzewski.
260 _aGliwice :
_bWydaw. Politechniki Śląskiej,
_c2004.
300 _a85, [3] s. :
_brys., wykr. ;
_c24 cm.
504 _aBibliogr. s. [86].
521 _aDla studentów studiujących na różnych kierunkach studiów technicznych.
655 4 _aPodręczniki akademickie
650 4 _aPomiary
710 2 _aPolitechnika Śląska (Gliwice)
_bWydawnictwo
_4pbl.
856 _uhttp://koha.tu.koszalin.pl/cgi-bin/koha/opac-detail.pl?biblionumber=46204
_yKatalog online BPK
942 _cKS
_2UKD
999 _c46204
_d46204